[Event "KOS-ch final"]
[Site "Pristina"]
[Date "2016.10.29"]
[Round "9"]
[White "Murati, Ramush"]
[Black "Hamiti, Gani"]
[Result "0-1"]
[WhiteElo "2085"]
[BlackElo "2140"]
[PlyCount "90"]
[EventDate "2016.10.01"]
[EventType "tourn"]
[EventRounds "9"]
[EventCountry "KOS"]
[SourceTitle "EXT 2018"]
[Source "ChessBase"]
[SourceDate "2017.10.13"]
[SourceVersion "1"]
[SourceVersionDate "2017.10.13"]
[SourceQuality "1"]

1. d4 d5 2. c4 dxc4 3. Nc3 a6 4. a4 Nc6 5. Nf3 Nf6 6. e4 Bg4 7. Be3 e5 8. d5 Na5 9. Be2 Bb4 10. Bg5 h6 11. Bxf6 Qxf6 12. 0-0 0-0 13. Nd2 Bxe2 14. Qxe2 Bxc3 15. bxc3 b5 16. g3 Nb7 17. f4 Nc5 18. axb5 axb5 19. Qe3 Nd3 20. f5 Rfb8 21. Ra7 Rxa7 22. Qxa7 Qb6+ 23. Qxb6 Rxb6 24. Ra1 Rb7 25. Ra8+ Kh7 26. Rf8 b4 27. Nxc4 bxc3 28. Ne3 f6 29. Rf7 Nc5 30. d6 cxd6 31. Rxb7 Nxb7 32. Kf2 Nc5 33. Kf3 Kg8 34. h4 h5 35. Nc2 Kf7 36. Ke3 Ke7 37. Nb4 Kd7 38. Kf3 Nb3 39. Ke3 Nd4 40. Kd3 c2 41. Na2 d5 42. Nc1 Kd6 43. Ke3 dxe4 44. Kxe4 Kc5 45. Kd3 Nxf5 0-1

[Event "KOS-ch final"]
[Site "Pristina"]
[Date "2016.10.15"]
[Round "5"]
[White "Murati, Ramush"]
[Black "Uruci, Besim"]
[Result "1-0"]
[WhiteElo "2085"]
[BlackElo "2250"]
[PlyCount "101"]
[EventDate "2016.10.01"]
[EventType "tourn"]
[EventRounds "9"]
[EventCountry "KOS"]
[SourceTitle "EXT 2018"]
[Source "ChessBase"]
[SourceDate "2017.10.13"]
[SourceVersion "1"]
[SourceVersionDate "2017.10.13"]
[SourceQuality "1"]

1. e4 d5 2. e5 Bf5 3. d4 c5 4. c3 Nc6 5. Nf3 e6 6. Be2 cxd4 7. cxd4 Bxb1 8. Rxb1 Qa5+ 9. Bd2 Bb4 10. a3 Bxd2+ 11. Qxd2 Nge7 12. Qxa5 Nxa5 13. Bb5+ Nac6 14. 0-0 a6 15. Bd3 h6 16. h4 Rc8 17. b4 Na7 18. Rbc1 Kd7 19. Rc5 b5 20. Rfc1 Rc6 21. Nd2 Rxc5 22. Rxc5 Nec6 23. Nb3 Kc7 24. f4 Kb7 25. Kf2 Nb8 26. f5 Nd7 27. Na5+ Kb6 28. fxe6 fxe6 29. Rc2 Rc8 30. g4 g5 31. Kg3 Rxc2 32. Bxc2 Nc6 33. Nb3 a5 34. bxa5+ Nxa5 35. hxg5 hxg5 36. Nd2 Nc4 37. Nf3 Nxa3 38. Bb3 Nc4 39. Nxg5 Nd2 40. Bc2 b4 41. Nxe6 b3 42. Bd3 b2 43. g5 b1Q 44. Bxb1 Nxb1 45. g6 Nd2 46. g7 Ne4+ 47. Kh4 Nef6 48. exf6 Nxf6 49. Kg5 Ng8 50. Kg6 Kc6 51. Kf7 1-0

[Event "KOS-ch final"]
[Site "Pristina"]
[Date "2016.10.09"]
[Round "4"]
[White "Saraci, Nderim"]
[Black "Murati, Ramush"]
[Result "1-0"]
[WhiteElo "2367"]
[BlackElo "2085"]
[PlyCount "94"]
[EventDate "2016.10.01"]
[EventType "tourn"]
[EventRounds "9"]
[EventCountry "KOS"]
[SourceTitle "EXT 2018"]
[Source "ChessBase"]
[SourceDate "2017.10.13"]
[SourceVersion "1"]
[SourceVersionDate "2017.10.13"]
[SourceQuality "1"]

1. d4 g6 2. Nf3 Bg7 3. c4 b6 4. Nc3 Bb7 5. g3 Nf6 6. Bg2 0-0 7. 0-0 Ne4 8. Bd2 e6 9. Rc1 d5 10. Bf4 Nd7 11. cxd5 exd5 12. Nxe4 dxe4 13. Ng5 Nf6 14. Rxc7 Bd5 15. Rc1 h6 16. Nh3 Qd7 17. Rc7 Qb5 18. b3 Rfc8 19. Rxc8+ Rxc8 20. Be5 g5 21. Qd2 Qd7 22. f3 Qc6 23. Qe3 Qc3 24. Qxc3 Rxc3 25. fxe4 Nxe4 26. Bxg7 Kxg7 27. Nf2 Nxf2 28. Bxd5 Nh3+ 29. Kg2 g4 30. Rxf7+ Kg6 31. Rf1 Ng5 32. Bc4 Kg7 33. Bd3 Rc7 34. Rf4 h5 35. Rf5 Nh3 36. Bc4 Kg6 37. Rf1 Rd7 38. d5 b5 39. Bd3+ Kg7 40. Rf5 Kg6 41. d6 Kg7 42. Rxh5 Rxd6 43. Bf5 Rf6 44. Bxg4 Nf2 45. Bf3 Nd1 46. Rxb5 a6 47. Rc5 Rf7 1-0

[Event "KOS-ch final"]
[Site "Pristina"]
[Date "2016.10.08"]
[Round "3"]
[White "Murati, Ramush"]
[Black "Mehaj, Driton"]
[Result "0-1"]
[WhiteElo "2085"]
[BlackElo "2156"]
[PlyCount "138"]
[EventDate "2016.10.01"]
[EventType "tourn"]
[EventRounds "9"]
[EventCountry "KOS"]
[SourceTitle "EXT 2018"]
[Source "ChessBase"]
[SourceDate "2017.10.13"]
[SourceVersion "1"]
[SourceVersionDate "2017.10.13"]
[SourceQuality "1"]

1. d4 Nf6 2. c4 e6 3. Nf3 d5 4. Nc3 c6 5. Bg5 h6 6. Bh4 dxc4 7. a4 Nbd7 8. e3 Qa5 9. Nd2 Bb4 10. Qc1 Nb6 11. Bxf6 gxf6 12. Nxc4 Nxc4 13. Bxc4 Qg5 14. 0-0 Rg8 15. g3 f5 16. Ne2 a5 17. Rd1 h5 18. Nf4 h4 19. Bf1 hxg3 20. hxg3 Bd6 21. Bg2 Bd7 22. Qc4 Rc8 23. Qb3 Rb8 24. Rac1 Kf8 25. Kf1 Qe7 26. Nd3 Be8 27. Ke2 f6 28. Bf3 Bf7 29. Qc3 e5 30. dxe5 fxe5 31. e4 fxe4 32. Bxe4 Bh5+ 33. f3 Rxg3 34. Rg1 Qg5 35. Kf2 Rxg1 36. Rxg1 Qh4+ 37. Kf1 Qh3+ 38. Rg2 Qh1+ 39. Rg1 Qh3+ 40. Ke1 Qh2 41. Rf1 Ke7 42. Rf2 Qh4 43. Qxa5 Rg8 44. Qb6 Rb8 45. Kd2 Bf7 46. Re2 Bc4 47. Rg2 Bf7 48. b4 Qh1 49. f4 Qh6 50. Re2 Bc4 51. Rf2 exf4 52. Bf3 Qf6 53. Re2+ Kf8 54. Kc2 Bxd3+ 55. Kxd3 Rd8 56. Kc2 Be7 57. Re4 Qd6 58. Qf2 Qd3+ 59. Kc1 Qc3+ 60. Kb1 Qd3+ 61. Ka2 Qd5+ 62. Kb1 Qd3+ 63. Kc1 Qc3+ 64. Kb1 Rd2 65. Rxf4+ Ke8 66. Bh5+ Kd7 67. Rd4+ Qxd4 68. Qf5+ Kc7 69. Qa5+ Kb8 0-1

[Event "KOS-ch final"]
[Site "Pristina"]
[Date "2016.10.01"]
[Round "1"]
[White "Murati, Ramush"]
[Black "Aliu, Besnik"]
[Result "0-1"]
[WhiteElo "2085"]
[BlackElo "2114"]
[PlyCount "120"]
[EventDate "2016.10.01"]
[EventType "tourn"]
[EventRounds "9"]
[EventCountry "KOS"]
[SourceTitle "EXT 2018"]
[Source "ChessBase"]
[SourceDate "2017.10.13"]
[SourceVersion "1"]
[SourceVersionDate "2017.10.13"]
[SourceQuality "1"]

1. d4 Nf6 2. Nf3 e6 3. c4 d5 4. Nc3 c6 5. Bg5 Bb4 6. e3 Qa5 7. Bxf6 Bxc3+ 8. bxc3 Qxc3+ 9. Nd2 gxf6 10. Be2 Nd7 11. 0-0 e5 12. cxd5 cxd5 13. Nf3 e4 14. Nh4 Nb6 15. Bb5+ Kd8 16. a4 a6 17. Be2 Qa5 18. Bg4 Nc4 19. Bxc8 Rxc8 20. Qg4 Nd6 21. Nf5 Nxf5 22. Qxf5 Ke7 23. Rac1 Rc6 24. Rxc6 bxc6 25. f3 Qd2 26. Qf4 Rg8 27. g3 exf3 28. Rxf3 Rg6 29. Qc7+ Kf8 30. Qxc6 Rh6 31. h4 Qd1+ 32. Kg2 Qe2+ 33. Rf2 Qxe3 34. Qxd5 Rg6 35. Qd6+ Kg7 36. Qf4 Qe6 37. Kh2 Rg4 38. Qd2 Qb3 39. Rg2 Qxa4 40. h5 h6 41. Rf2 Qxd4 42. Qxd4 Rxd4 43. Ra2 Rd6 44. Ra5 Kf8 45. Kh3 Ke7 46. Kg4 Kd7 47. Kf5 Kc7 48. Ra1 Rb6 49. g4 Kd7 50. Rc1 a5 51. Ra1 Ra6 52. Ra4 Kc6 53. Ra1 Kd5 54. Rd1+ Kc4 55. Rd7 a4 56. Rxf7 a3 57. Rc7+ Kb3 58. Rb7+ Kc2 59. Rc7+ Kd2 60. Rd7+ Ke2 0-1